Normal view
MARC view
- تربية وتعليم-مستقبل-إستراتيجيات
Entry Topical Term
001 - CONTROL NUMBER
- control field: 18473
003 - CONTROL NUMBER IDENTIFIER
- control field: JO-AjAnu
005 - DATE AND TIME OF LATEST TRANSACTION
- control field: 20230606073237.0
008 - FIXED-LENGTH DATA ELEMENTS
- fixed length control field: 230606|| aca||aabn | a|a d
040 ## - CATALOGING SOURCE
- Original cataloging agency: JO-AjAnu
- Transcribing agency: JO-AjAnu
150 ## - HEADING--TOPICAL TERM
- Topical term or geographic name entry element: تربية وتعليم-مستقبل-إستراتيجيات
670 ## - SOURCE DATA FOUND
- Source citation: Work cat.: (JO-AjAnu)9482: عبيد،وليم, author 18472, رؤى تربوية:المشروع القومي للتعليم(1)إستراتيجية تطوير التعليم 1987-1990